Extension education (Record no. 40741)

MARC details
000 -LEADER
fixed length control field 00320nam a2200133Ia 4500
082 ## - DEWEY DECIMAL CLASSIFICATION NUMBER
Classification number 374
Item number ADI
100 ## - MAIN ENTRY--AUTHOR NAME
Personal name Adivi Reddy, A
245 #0 - TITLE STATEMENT
Title Extension education
250 ## - EDITION STATEMENT
Edition statement Ed.5
260 ## - PUBLICATION, DISTRIBUTION, ETC. (IMPRINT)
Place of publication Bapatla
Name of publisher Sree Lakshmi Press
Year of publication 1993
650 ## - SUBJECT ADDED ENTRY--TOPICAL TERM
Topical Term Panchayat Raj
942 ## - ADDED ENTRY ELEMENTS (KOHA)
Koha item type Books
Holdings
Withdrawn status Lost status Damaged status Not for loan Home library Current library Date acquired Cost, normal purchase price Full call number Accession Number Koha item type
        RRII Library RRII Library 16/12/2021 90.00 374 ADI 21037 Books